000 00792nam a2200253Ia 4500
003 OSt
005 20220927105455.0
006 a|||||r|||| 00| 0
007 ta
008 220926b |||||||| |||| 00| 0 eng d
024 _a187624
037 _cReference Collections
040 _aRTL
_cRTL
_beng
041 _2eng
_aeng
082 _a"X9sn2.N47, H9.1/GD"
110 _a"INDIA,INDUSTRY AND SUPPLY(Ministry of-)"
_9372787
245 0 _a2nd census of manufacture India 1947
260 _aDelhi
_bManager of Publications
_c1949
490 _v"Vol.1: iv,366p"
500 _aAppendix: Chapterwise
700 _a"INDIA,INDUSTRY AND SUPPLY(Ministry of-)"
_9372788
942 _h"X9sn2.N47, H9.1/GD"
_cCC
999 _c692728
_d692728